[Event "Montreal op"]
[Site "Montreal CAN"]
[Date "2013.09.08"]
[Round "5"]
[White "Bouchard, Jean-Marc"]
[Black "Vidal, Llewellyn"]
[Result "0-1"]
[WhiteElo "1979"]
[BlackElo "2102"]
[PlyCount "60"]
[GameId "2160767909229568"]
[EventDate "2013.09.06"]
[EventType "swiss"]
[EventRounds "5"]
[EventCountry "CAN"]
[SourceTitle "hb 2013"]

1. Nf3 Nf6 2. g3 c6 3. d4 d6 4. Bg2 Nbd7 5. O-O e5 6. dxe5 dxe5 7. b3 Qc7 8. c4 Be7 9. Ba3 Bxa3 10. Nxa3 O-O 11. Qc2 a5 12. Rad1 h6 13. e3 Nc5 14. Nb1 Bg4 15. Rc1 Rad8 16. Nc3 Qc8 17. e4 Bxf3 18. Bxf3 Rd4 19. Rcd1 Rfd8 20. Rfe1 Nh7 21. Rxd4 Rxd4 22. Be2 Ng5 23. f3 Qd8 24. Rd1 Nge6 25. Bf1 Qb6 26. Qf2 Qb4 27. Rxd4 Nxd4 28. Nd1 a4 29. bxa4 Nxa4 30. f4 Qb1 0-1

[Event "Montreal op"]
[Site "Montreal CAN"]
[Date "2013.09.08"]
[Round "5"]
[White "Cardona, Misael"]
[Black "Cvetkovic, Simeon"]
[Result "1-0"]
[WhiteElo "2109"]
[BlackElo "1964"]
[PlyCount "167"]
[GameId "2160767909229569"]
[EventDate "2013.09.06"]
[EventType "swiss"]
[EventRounds "5"]
[EventCountry "CAN"]
[SourceTitle "hb 2013"]

1. d4 d6 2. c4 f5 3. Nc3 Nf6 4. g3 g6 5. Bg2 Bg7 6. Nf3 c6 7. O-O O-O 8. d5 cxd5 9. cxd5 Na6 10. Be3 Ng4 11. Bd4 Ne5 12. e3 Bd7 13. Ng5 Nc7 14. f4 Ng4 15. Bxg7 Kxg7 16. Qd4+ Kg8 17. e4 fxe4 18. Rae1 Ne8 19. Bxe4 Ng7 20. h3 Nh6 21. g4 Qb6 22. Qxb6 axb6 23. Bd3 Rfe8 24. Kg2 Rac8 25. Kg3 Rc5 26. Re4 Nf7 27. Nxf7 Kxf7 28. Rb4 Ra8 29. Rxb6 Rc7 30. Re1 Ra5 31. Re4 Ne8 32. Reb4 Bc8 33. g5 Ng7 34. h4 Nh5+ 35. Kf3 Ng7 36. Ke3 Nh5 37. a3 Ng7 38. R6b5 Ra8 39. Rd4 Bd7 40. Rbb4 Ra5 41. Rdc4 Rxc4 42. Rxc4 Ne8 43. Kd4 Kg7 44. a4 Kf7 45. b4 Ra8 46. Bc2 Rb8 47. a5 b5 48. axb6 Rxb6 49. Ba4 Bh3 50. Bxe8+ Kxe8 51. b5 Bd7 52. Rb4 Kd8 53. Ra4 Kc7 54. Kc4 Rb7 55. Ra8 Rb8 56. Ra7+ Rb7 57. Ra1 Rb8 58. Re1 Kd8 59. Kb4 Ra8 60. Rh1 Bg4 61. Rg1 Bf5 62. Re1 Bd3 63. Rh1 Rc8 64. Rd1 Bf5 65. Rd2 Kc7 66. Ne2 Be4 67. Ng3 Bf3 68. Rd3 Bg4 69. Rc3+ Kb7 70. Rxc8 Kxc8 71. Ne4 Kb7 72. Nf6 Bf3 73. Kc4 Kb6 74. Nxh7 Bh5 75. Nf8 Be2+ 76. Kb4 Bh5 77. Ne6 Bg4 78. Ng7 Bf3 79. f5 gxf5 80. h5 f4 81. Kc4 Bg4 82. Kd4 f3 83. Ke3 Kxb5 84. h6 1-0

[Event "Montreal op"]
[Site "Montreal CAN"]
[Date "2013.09.08"]
[Round "5"]
[White "Gueorguiev, Valentin"]
[Black "Lopez Linares, Lizandro"]
[Result "0-1"]
[WhiteElo "1887"]
[BlackElo "2059"]
[PlyCount "102"]
[GameId "2160767909229571"]
[EventDate "2013.09.06"]
[EventType "swiss"]
[EventRounds "5"]
[EventCountry "CAN"]
[SourceTitle "EXT 2022"]
[Source "ChessBase"]
[SourceDate "2021.10.06"]
[SourceVersion "1"]
[SourceVersionDate "2021.10.06"]
[SourceQuality "1"]

1. c4 e6 2. Nf3 d5 3. b3 Nf6 4. g3 Be7 5. Bg2 O-O 6. Bb2 c5 7. O-O Nc6 8. e3 dxc4 9. bxc4 Qb6 10. Qc1 Rd8 11. Ne1 Bd7 12. Nc3 Be8 13. Rb1 Qc7 14. a3 a6 15. d3 Rab8 16. Ba1 Ne5 17. Qc2 b5 18. cxb5 axb5 19. Ne4 Nxe4 20. Bxe4 Ng6 21. Nf3 f5 22. Nd4 Qd6 23. Nxf5 exf5 24. Bxf5 Bf7 25. d4 cxd4 26. Bxd4 Nf8 27. Qb2 Bf6 28. Rfd1 Bxd4 29. Rxd4 Qf6 30. Rxd8 Qxd8 31. Bh3 Bc4 32. Qb4 Ra8 33. Bg2 Ra4 34. Qb2 Qd6 35. Ra1 Nd7 36. Bf3 Ne5 37. Bd1 Ra8 38. Qc3 Qd5 39. h4 Nf3+ 40. Bxf3 Qxf3 41. Qd4 Rf8 42. e4 Qf6 43. e5 Qf3 44. Rd1 Qxa3 45. Rd2 Qf3 46. Kh2 Bf1 47. Qd5+ Qxd5 48. Rxd5 Rxf2+ 49. Kg1 Rf8 50. e6 Bc4 51. Re5 Re8 0-1

[Event "Montreal op"]
[Site "Montreal CAN"]
[Date "2013.09.08"]
[Round "5"]
[White "Ibrahim, Anthony"]
[Black "Sprumont, Oscar"]
[Result "1-0"]
[WhiteElo "2157"]
[BlackElo "1964"]
[PlyCount "69"]
[GameId "2160767909229572"]
[EventDate "2013.09.06"]
[EventType "swiss"]
[EventRounds "5"]
[EventCountry "CAN"]
[SourceTitle "hb 2013"]

1. e4 e6 2. d4 d5 3. Nd2 Nf6 4. e5 Nfd7 5. Ngf3 c5 6. c3 Nc6 7. Bd3 Be7 8. O-O f6 9. Ng5 Nf8 10. exf6 Bxf6 11. Ndf3 h6 12. Nh3 g5 13. Ne5 Bxe5 14. Qh5+ Kd7 15. dxe5 Qe8 16. Qe2 Ng6 17. f4 gxf4 18. Bxf4 Kc7 19. Bg3 Bd7 20. Rf6 Nce7 21. c4 dxc4 22. Bxc4 Ng8 23. Raf1 Rh7 24. Qd3 Nxf6 25. Qd6+ Kd8 26. exf6 Rc8 27. Rd1 Qf8 28. Bd3 Qxf6 29. Rf1 Qd4+ 30. Qxd4 cxd4 31. Bxg6 Rg7 32. Bd3 Bc6 33. Nf4 Ke7 34. Nxe6 Rf7 35. Re1 1-0

[Event "Montreal op"]
[Site "Montreal CAN"]
[Date "2013.09.08"]
[Round "5"]
[White "Khashper, Arkady"]
[Black "Beaulieu, Eric"]
[Result "1-0"]
[WhiteElo "2134"]
[BlackElo "2252"]
[PlyCount "79"]
[GameId "2160767909229573"]
[EventDate "2013.09.06"]
[EventType "swiss"]
[EventRounds "5"]
[EventCountry "CAN"]
[SourceTitle "hb 2013"]

1. e4 c5 2. Nc3 a6 3. Nge2 e6 4. d4 cxd4 5. Nxd4 Qc7 6. Be2 Nf6 7. O-O Nc6 8. Be3 Bb4 9. Na4 Be7 10. Nxc6 bxc6 11. Nb6 Rb8 12. Nxc8 Qxc8 13. e5 Nd5 14. Bc1 Bc5 15. c4 Ne7 16. b3 Qc7 17. Bb2 Ng6 18. Kh1 O-O 19. f4 Rfd8 20. Qe1 d6 21. exd6 Qxd6 22. Rd1 Qc7 23. g3 Rxd1 24. Bxd1 Rd8 25. Bf3 Bd4 26. Bc1 Ne7 27. Bd2 Bb6 28. Bb4 c5 29. Bc3 Nc6 30. Be4 Nd4 31. Qb1 g6 32. Bg2 a5 33. Qb2 Rd7 34. a3 h5 35. b4 cxb4 36. axb4 axb4 37. Qxb4 Bc5 38. Qb2 Nf5 39. Qb5 Rd8 40. Ba5 1-0

[Event "Montreal op"]
[Site "Montreal CAN"]
[Date "2013.09.08"]
[Round "5"]
[White "Libersan, Thierry"]
[Black "Zhu, Hong Rui"]
[Result "1-0"]
[WhiteElo "2143"]
[BlackElo "2066"]
[PlyCount "53"]
[GameId "2160767909229575"]
[EventDate "2013.09.06"]
[EventType "swiss"]
[EventRounds "5"]
[EventCountry "CAN"]
[SourceTitle "hb 2013"]

1. e4 c5 2. Nf3 d6 3. d4 cxd4 4. Qxd4 Nc6 5. Bb5 Bd7 6. Bxc6 Bxc6 7. Nc3 Nf6 8. Bg5 e6 9. O-O-O Be7 10. Qd3 a6 11. Nd4 Qc7 12. f4 b5 13. f5 b4 14. fxe6 bxc3 15. exf7+ Kxf7 16. Qc4+ d5 17. exd5 Qb8 18. dxc6+ Kg6 19. Qxc3 Ne4 20. Qd3 Bxg5+ 21. Kb1 Re8 22. Rhe1 Qe5 23. Nf3 Qf5 24. g4 Qf4 25. c7 Kh6 26. h4 Bd8 27. Rxe4 1-0

[Event "Montreal op"]
[Site "Montreal CAN"]
[Date "2013.09.08"]
[Round "5"]
[White "Nicula, Marius"]
[Black "Nikulich, Oleksandr"]
[Result "1-0"]
[WhiteElo "2184"]
[BlackElo "2117"]
[PlyCount "85"]
[GameId "2160767909229576"]
[EventDate "2013.09.06"]
[EventType "swiss"]
[EventRounds "5"]
[EventCountry "CAN"]
[SourceTitle "hb 2013"]

1. Nf3 d5 2. g3 Nf6 3. Bg2 Bg4 4. c4 c6 5. Qb3 Qb6 6. d3 e6 7. Qc2 Bc5 8. e3 Nbd7 9. O-O dxc4 10. d4 Bd6 11. Nbd2 Qa6 12. Nxc4 Bc7 13. Nfe5 Nxe5 14. dxe5 Nd5 15. f3 Bh5 16. e4 Nb6 17. Nd6+ Bxd6 18. exd6 Qc4 19. Qd2 Qc5+ 20. Kh1 O-O-O 21. Rd1 Rd7 22. b4 Qb5 23. a4 Nxa4 24. g4 Rhd8 25. Qe1 Rxd6 26. Rxd6 Rxd6 27. Bf1 Qe5 28. Rxa4 Bg6 29. Bg2 a6 30. Be3 Qb2 31. Ra1 Rd3 32. Bb6 Qb3 33. f4 f6 34. f5 Bf7 35. Rb1 Qa2 36. Rd1 Qb3 37. Rxd3 Qxd3 38. Kg1 e5 39. Bf1 Qd6 40. Be2 Bb3 41. Qc3 Bd1 42. Qc4 Bxe2 43. Qg8+ 1-0

[Event "Montreal op"]
[Site "Montreal CAN"]
[Date "2013.09.08"]
[Round "5"]
[White "Poulin, Mathieu"]
[Black "Langlois-Remillard, Alexis"]
[Result "1-0"]
[WhiteElo "2080"]
[BlackElo "1941"]
[PlyCount "55"]
[GameId "2160767909229577"]
[EventDate "2013.09.06"]
[EventType "swiss"]
[EventRounds "5"]
[EventCountry "CAN"]
[SourceTitle "hb 2013"]

1. d4 Nc6 2. c4 d5 3. cxd5 Qxd5 4. Nf3 Bg4 5. Nc3 Qd7 6. d5 Bxf3 7. gxf3 Ne5 8. e4 a6 9. f4 Ng6 10. f5 Nh4 11. Qg4 g5 12. Bxg5 Ng6 13. Qh5 Bg7 14. fxg6 fxg6 15. Qf3 Qd6 16. Bh3 Nf6 17. Be6 Rf8 18. Qg3 Qb4 19. O-O Qb6 20. Be3 c5 21. Na4 Qb4 22. Nxc5 Nxe4 23. Nxe4 Qxe4 24. Qc7 Rf6 25. Bc5 Rxe6 26. dxe6 Qxe6 27. Rae1 Be5 28. Qxe5 1-0

[Event "Montreal op"]
[Site "Montreal CAN"]
[Date "2013.09.08"]
[Round "5"]
[White "Robichaud, Louis"]
[Black "Masse, Hugues"]
[Result "0-1"]
[WhiteElo "2169"]
[BlackElo "2083"]
[PlyCount "76"]
[GameId "2160767909229578"]
[EventDate "2013.09.06"]
[EventType "swiss"]
[EventRounds "5"]
[EventCountry "CAN"]
[SourceTitle "EXT 2022"]
[Source "ChessBase"]
[SourceDate "2021.10.06"]
[SourceVersion "1"]
[SourceVersionDate "2021.10.06"]
[SourceQuality "1"]

1. e4 c5 2. Nc3 d6 3. g3 g6 4. Bg2 Bg7 5. d3 Nc6 6. f4 e6 7. Nf3 Nge7 8. O-O O-O 9. Be3 b6 10. d4 d5 11. exd5 Nf5 12. Bf2 Ncxd4 13. Ne5 exd5 14. Nxd5 Be6 15. c4 Rc8 16. Re1 Re8 17. b4 Qd6 18. bxc5 bxc5 19. g4 Ne7 20. Bxd4 cxd4 21. Qxd4 Nxd5 22. Bxd5 g5 23. Rad1 Bxd5 24. Qxd5 Qc7 25. Nf3 Qxf4 26. Nxg5 h6 27. Nf3 Qxg4+ 28. Kf2 Rxe1 29. Rxe1 Qxc4 30. Re8+ Bf8 31. Qxc4 Rxc4 32. Ne5 Rc2+ 33. Ke3 Kg7 34. Nd7 Bd6 35. Re4 Kg6 36. Rd4 Bxh2 37. Rh4 Rxa2 38. Nc5 Bg1+ 0-1

[Event "Montreal op"]
[Site "Montreal CAN"]
[Date "2013.09.08"]
[Round "5"]
[White "Sambuev, Bator"]
[Black "Qin, Zi Yi (Joey)"]
[Result "1-0"]
[WhiteElo "2562"]
[BlackElo "2333"]
[PlyCount "93"]
[GameId "2160767909229579"]
[EventDate "2013.09.06"]
[EventType "swiss"]
[EventRounds "5"]
[EventCountry "CAN"]
[SourceTitle "hb 2013"]

1. d4 Nf6 2. c4 g6 3. Nc3 Bg7 4. e4 d6 5. Nf3 O-O 6. Be2 e5 7. O-O Nc6 8. d5 Ne7 9. Ne1 Nd7 10. Be3 f5 11. f3 f4 12. Bf2 g5 13. Rc1 a6 14. Nd3 b6 15. b4 Rf6 16. c5 Rh6 17. cxd6 cxd6 18. b5 Qe8 19. g4 fxg3 20. Bxg3 Ng6 21. bxa6 Bxa6 22. Nf2 Nf4 23. Bxa6 Rxa6 24. Ng4 Rg6 25. Ne3 Nc5 26. Rb1 Ra3 27. Be1 Ncd3 28. Rb3 Rxb3 29. axb3 Qc8 30. Nf5 Bf8 31. Kh1 Qc5 32. Na4 Qb5 33. Bd2 Qa6 34. Bxf4 Nxf4 35. Nb2 Rf6 36. Rg1 Rg6 37. Nc4 Qb5 38. Qc2 Qc5 39. Nce3 Qb5 40. Qc4 Qa5 41. Qc8 Qa7 42. Ng4 Kf7 43. Rc1 Be7 44. Qh8 Bf8 45. Qxh7+ Bg7 46. Nxg7 Rxg7 47. Qf5+ 1-0

[Event "Montreal op"]
[Site "Montreal CAN"]
[Date "2013.09.08"]
[Round "5"]
[White "Trahan, Daniel"]
[Black "Corriveau, Philippe"]
[Result "1-0"]
[WhiteElo "2115"]
[BlackElo "2048"]
[PlyCount "49"]
[GameId "2160767909229580"]
[EventDate "2013.09.06"]
[EventType "swiss"]
[EventRounds "5"]
[EventCountry "CAN"]
[SourceTitle "hb 2013"]

1. d4 Nf6 2. c4 g6 3. Nc3 Bg7 4. e4 d6 5. Nf3 O-O 6. Be2 Nbd7 7. O-O e5 8. Re1 c6 9. Bf1 Re8 10. d5 c5 11. a3 Nf8 12. Rb1 Ng4 13. h3 Nh6 14. b4 b6 15. bxc5 bxc5 16. Qa4 Qe7 17. Qc6 Bd7 18. Qa6 Bc8 19. Qa5 f6 20. Nb5 Rb8 21. Bxh6 Bxh6 22. Qxa7 Rb7 23. Qa6 Rd7 24. Qb6 Bb7 25. Nxd6 1-0

[Event "Montreal op"]
[Site "Montreal CAN"]
[Date "2013.09.08"]
[Round "5"]
[White "Yu, Zong Yang"]
[Black "Barre, Michel"]
[Result "1-0"]
[WhiteElo "2070"]
[BlackElo "1956"]
[PlyCount "113"]
[GameId "2160767909229581"]
[EventDate "2013.09.06"]
[EventType "swiss"]
[EventRounds "5"]
[EventCountry "CAN"]
[SourceTitle "hb 2013"]

1. d4 Nf6 2. c4 e6 3. Nf3 d5 4. Nc3 c6 5. cxd5 exd5 6. Bg5 Be7 7. e3 Bf5 8. Bd3 Bxd3 9. Qxd3 Nbd7 10. O-O h6 11. Bh4 O-O 12. Rab1 a5 13. a3 Re8 14. Rfc1 Ne4 15. Bg3 Nxg3 16. hxg3 h5 17. Ne2 Nf6 18. Nf4 Bd6 19. b4 axb4 20. axb4 Ra2 21. Rc2 Qa8 22. b5 Qa4 23. Rxa2 Qxa2 24. Rc1 Bxf4 25. gxf4 Ng4 26. Rf1 Ra8 27. bxc6 bxc6 28. Ne5 Nxe5 29. fxe5 Re8 30. Rb1 Qa7 31. Qf5 h4 32. Qg4 Qe7 33. Rc1 Qc7 34. Qxh4 Re6 35. f4 Rh6 36. Qf2 Qd7 37. f5 g6 38. Rf1 gxf5 39. Qxf5 Qxf5 40. Rxf5 Kg7 41. Rf2 Re6 42. Rf1 Rg6 43. Kh2 Rh6+ 44. Kg3 Rg6+ 45. Kf3 Kf8 46. Rc1 Ke7 47. g4 Kd7 48. Ra1 Ke7 49. Ra7+ Ke8 50. Rc7 Kf8 51. Kf4 Ke8 52. g5 Kf8 53. Rd7 Ke8 54. Rd6 Ke7 55. Rf6 Rxf6+ 56. exf6+ Ke6 57. Kg4 1-0

[Event "Montreal op"]
[Site "Montreal CAN"]
[Date "2013.09.08"]
[Round "5"]
[White "Zhou, Qiyu"]
[Black "Dumont, Felix"]
[Result "1-0"]
[WhiteElo "2007"]
[BlackElo "2144"]
[PlyCount "59"]
[GameId "2160767909229582"]
[EventDate "2013.09.06"]
[EventType "swiss"]
[EventRounds "5"]
[EventCountry "CAN"]
[SourceTitle "hb 2013"]

1. e4 c5 2. Nf3 d6 3. d4 cxd4 4. Nxd4 Nf6 5. Nc3 Nc6 6. Bg5 Bd7 7. Be2 Qa5 8. Bxf6 gxf6 9. Nb3 Qg5 10. g3 f5 11. f4 Qg6 12. Bh5 Qe6 13. O-O Bg7 14. Re1 Bxc3 15. bxc3 fxe4 16. Rb1 O-O-O 17. Nd4 Qc4 18. Rxe4 Qxc3 19. Bxf7 e5 20. Nb5 Qc5+ 21. Kh1 Bh3 22. Rc4 Qf2 23. Qd5 Kb8 24. Rxc6 exf4 25. Nxd6 Rxd6 26. Rxd6 b6 27. Rd8+ Rxd8 28. Qxd8+ Bc8 29. Qd6+ Ka8 30. Bd5+ 1-0

[Event "Montreal op U2000"]
[Site "Montreal CAN"]
[Date "2013.09.06"]
[Round "1"]
[White "Desmarais, Serge"]
[Black "Turcotte, Jonathan"]
[Result "0-1"]
[WhiteElo "1711"]
[BlackElo "1990"]
[PlyCount "98"]
[GameId "2160767909229583"]
[EventDate "2013.09.06"]
[EventType "swiss"]
[EventRounds "5"]
[EventCountry "CAN"]
[SourceTitle "hb 2013"]

1. d4 d5 2. c4 c6 3. Nf3 Nf6 4. e3 Bf5 5. Nc3 e6 6. Be2 Nbd7 7. cxd5 exd5 8. O-O Bd6 9. h3 h6 10. Bd3 Bxd3 11. Qxd3 O-O 12. Nh4 Re8 13. Nf5 Bf8 14. Bd2 g6 15. Ng3 h5 16. Rfe1 h4 17. Nf1 Bg7 18. Rac1 Nb6 19. b3 a5 20. a4 Nbd7 21. Rc2 Nf8 22. Ne2 Ne4 23. f3 Nxd2 24. Rxd2 f5 25. Nf4 Bh6 26. Rde2 Qf6 27. Qc2 Bxf4 28. exf4 Qxd4+ 29. Kh1 Kf7 30. Qd2 Qxd2 31. Nxd2 Rxe2 32. Rxe2 Re8 33. Rxe8 Kxe8 34. Kh2 Ne6 35. g3 hxg3+ 36. Kxg3 Kf7 37. Nb1 Nc5 38. Nd2 Nd3 39. Nb1 Kf6 40. Nd2 b5 41. axb5 cxb5 42. Nb1 d4 43. Na3 a4 44. Nxb5 axb3 45. Na3 b2 46. Nb1 Ke6 47. Nd2 Kf6 48. Nb1 Nb4 49. Kf2 Nd5 0-1

[Event "Mundwiler mem. U1800"]
[Site "Winnipeg CAN"]
[Date "2013.11.05"]
[Round "1.6"]
[White "Ammann, Gabriel"]
[Black "Nash, Jordan"]
[Result "1/2-1/2"]
[WhiteElo "1797"]
[BlackElo "1620"]
[PlyCount "81"]
[GameId "2160767909224906"]
[EventDate "2013.11.05"]
[EventType "swiss"]
[EventRounds "6"]
[EventCountry "CAN"]
[SourceTitle "EXT 2022"]
[Source "ChessBase"]
[SourceDate "2021.10.06"]
[SourceVersion "1"]
[SourceVersionDate "2021.10.06"]
[SourceQuality "1"]

1. d4 Nf6 2. c4 d5 3. Nf3 c6 4. Nc3 Bg4 5. e3 e6 6. Qb3 Qb6 7. Ne5 Nbd7 8. Nxg4 Nxg4 9. Be2 Ngf6 10. O-O Qxb3 11. axb3 Bb4 12. Ra4 Bxc3 13. bxc3 Ne4 14. Bb2 Nb6 15. Rb4 c5 16. dxc5 Nxc5 17. Rb5 Ne4 18. Ra1 O-O 19. cxd5 Nxd5 20. Bf3 Nd6 21. Rba5 b6 22. R5a4 Rac8 23. c4 b5 24. Rxa7 bxc4 25. bxc4 Nxc4 26. Bd4 Rfd8 27. h4 e5 28. Bxd5 Rxd5 29. R7a4 exd4 30. Rxc4 Rcd8 31. Rxd4 Rxd4 32. exd4 f5 33. Rd1 Kf7 34. d5 Ke7 35. f4 Rd7 36. Kf2 Kd6 37. Re1 g6 38. Rd1 Kc5 39. Kf3 Rxd5 40. Rxd5+ Kxd5 41. Ke3 1/2-1/2

[Event "Mundwiler mem. U1800"]
[Site "Winnipeg CAN"]
[Date "2013.11.05"]
[Round "1.6"]
[White "Reimer, Bruce"]
[Black "Einarsson, Ken"]
[Result "1-0"]
[WhiteElo "1570"]
[BlackElo "1785"]
[PlyCount "109"]
[GameId "2160767909224907"]
[EventDate "2013.11.05"]
[EventType "swiss"]
[EventRounds "6"]
[EventCountry "CAN"]
[SourceTitle "EXT 2022"]
[Source "ChessBase"]
[SourceDate "2021.10.06"]
[SourceVersion "1"]
[SourceVersionDate "2021.10.06"]
[SourceQuality "1"]

1. c4 Nf6 2. g3 d5 3. Bg2 dxc4 4. Qa4+ Bd7 5. Qxc4 Nc6 6. d4 e6 7. e4 h6 8. Ne2 Be7 9. O-O O-O 10. Nbc3 a6 11. Bf4 Rc8 12. a4 g5 13. Bd2 e5 14. dxe5 Nxe5 15. Qd4 Nc6 16. Qd3 Nb4 17. Qb1 Bc6 18. Rd1 Qe8 19. Nd4 Bc5 20. Nxc6 Nxc6 21. Qc1 Ng4 22. Rf1 Nce5 23. Bxg5 Nd3 24. Qd2 Ndxf2 25. Rxf2 Nxf2 26. Kf1 Ng4 27. Bxh6 Nxh6 28. Qxh6 Qe6 29. Qg5+ Kh8 30. Qxc5 f5 31. Kg1 b6 32. Qd4+ Kh7 33. Bh3 c5 34. Qd5 Qxd5 35. Nxd5 Rc6 36. Bxf5+ Kg7 37. Rf1 Rd6 38. Nc7 Rh8 39. Ne6+ Kf6 40. Nf4 Rd4 41. Nd5+ Ke5 42. Nxb6 Rb4 43. Nd7+ Kd6 44. Rd1+ Kc6 45. Ne5+ Kc7 46. Rd7+ Kb6 47. Rd6+ Kc7 48. Rc6+ Kb7 49. a5 Rxb2 50. h3 Rd8 51. Rb6+ Rxb6 52. axb6 Kxb6 53. Nc4+ Kb5 54. Be6 Rd4 55. Bd5 1-0

[Event "Mundwiler mem. U1800"]
[Site "Winnipeg CAN"]
[Date "2013.11.05"]
[Round "1.6"]
[White "Roy, Rayan"]
[Black "Magyar, Peter"]
[Result "1/2-1/2"]
[WhiteElo "1471"]
[BlackElo "1624"]
[PlyCount "64"]
[GameId "2160767909224908"]
[EventDate "2013.11.05"]
[EventType "swiss"]
[EventRounds "6"]
[EventCountry "CAN"]
[SourceTitle "EXT 2022"]
[Source "ChessBase"]
[SourceDate "2021.10.06"]
[SourceVersion "1"]
[SourceVersionDate "2021.10.06"]
[SourceQuality "1"]

1. e4 e6 2. d4 d5 3. exd5 exd5 4. Nc3 Nf6 5. Nf3 Bb4 6. Bd2 O-O 7. Be2 Nc6 8. O-O a6 9. Re1 Bf5 10. a3 Bd6 11. Bg5 h6 12. Bxf6 Qxf6 13. Nxd5 Qd8 14. c3 Bxh2+ 15. Kxh2 Qd6+ 16. Nf4 Qxf4+ 17. g3 Qd6 18. d5 Ne7 19. c4 Rad8 20. Nh4 Qb6 21. Kg1 Bg6 22. b4 c5 23. bxc5 Qxc5 24. Bf3 Bh7 25. Bg2 Rfe8 26. g4 Qxc4 27. Rc1 Qf4 28. Rc5 Qd6 29. Qc1 Kh8 30. Rd1 Rc8 31. Rxc8 Rxc8 32. Qb2 Rc7 1/2-1/2

[Event "Mundwiler mem. U1800"]
[Site "Winnipeg CAN"]
[Date "2013.11.05"]
[Round "1.6"]
[White "Trueman, Francis"]
[Black "Leaden, Bruce"]
[Result "1-0"]
[WhiteElo "1514"]
[BlackElo "1680"]
[PlyCount "61"]
[GameId "2160767909224909"]
[EventDate "2013.11.05"]
[EventType "swiss"]
[EventRounds "6"]
[EventCountry "CAN"]
[SourceTitle "EXT 2022"]
[Source "ChessBase"]
[SourceDate "2021.10.06"]
[SourceVersion "1"]
[SourceVersionDate "2021.10.06"]
[SourceQuality "1"]

1. Nf3 d5 2. d3 Nf6 3. Nbd2 e6 4. g3 b6 5. Bg2 Bb7 6. O-O Bd6 7. Re1 O-O 8. e4 dxe4 9. dxe4 e5 10. c3 c5 11. Nc4 Be7 12. Qxd8 Bxd8 13. Nfxe5 Nbd7 14. Nxd7 Nxd7 15. Bf4 Be7 16. Rad1 Nf6 17. Rd2 Rfd8 18. Rxd8+ Rxd8 19. e5 Bxg2 20. exf6 Bxf6 21. Kxg2 g5 22. Be3 b5 23. Nd2 h6 24. Ne4 Be7 25. Bxc5 Bxc5 26. Nxc5 Kf8 27. a4 Rd5 28. b4 bxa4 29. Nxa4 a5 30. Nc5 axb4 31. cxb4 1-0

[Event "Mundwiler mem. U1800"]
[Site "Winnipeg CAN"]
[Date "2013.11.05"]
[Round "1.6"]
[White "Wasserman, Arie"]
[Black "Faraj, Raphael"]
[Result "1-0"]
[WhiteElo "1656"]
[BlackElo "1511"]
[PlyCount "137"]
[GameId "2160767909224910"]
[EventDate "2013.11.05"]
[EventType "swiss"]
[EventRounds "6"]
[EventCountry "CAN"]
[SourceTitle "EXT 2022"]
[Source "ChessBase"]
[SourceDate "2021.10.06"]
[SourceVersion "1"]
[SourceVersionDate "2021.10.06"]
[SourceQuality "1"]

1. e4 e5 2. Nf3 d6 3. Nc3 Nf6 4. d3 h6 5. h3 Be6 6. d4 exd4 7. Nxd4 Be7 8. Nxe6 fxe6 9. Bd3 e5 10. O-O Nc6 11. Bc4 Nd4 12. Nd5 h5 13. c3 Nc6 14. Qb3 Qc8 15. Nxf6+ gxf6 16. Bf7+ Kf8 17. Bg6 Nd8 18. f4 Qe6 19. Qd1 h4 20. fxe5 dxe5 21. Be3 Nf7 22. Bf5 Qc6 23. Qf3 Rd8 24. Rad1 Qc4 25. Rxd8+ Bxd8 26. b3 Qc6 27. Rd1 Be7 28. c4 b6 29. Rd5 a6 30. Bg6 Qe6 31. Bf5 Qc6 32. Bd7 Qb7 33. Be6 Qc6 34. Bxf7 Kxf7 35. Rxe5 Qd6 36. Rh5 Rg8 37. e5 Qe6 38. Rh7+ Ke8 39. exf6 Bxf6 40. Rxc7 Be7 41. Qc6+ Qxc6 42. Rxc6 Bc5 43. Bxc5 bxc5 44. Rc8+ Kf7 45. Rxg8 Kxg8 46. Kf2 Kf7 47. Kf3 Ke6 48. Ke4 Kd6 49. a3 a5 50. Kf4 Ke6 51. g4 Kf6 52. g5+ Ke6 53. Kg4 Ke5 54. g6 Ke6 55. Kxh4 Kf6 56. Kh5 Kg7 57. Kg5 a4 58. bxa4 Kh8 59. Kf6 Kg8 60. a5 Kf8 61. a6 Ke8 62. a7 Kd7 63. a8=Q Kd6 64. Qd5+ Kc7 65. g7 Kb6 66. g8=R Kc7 67. Qxc5+ Kd7 68. Rg7+ Kd8 69. Qf8# 1-0

[Event "Mundwiler mem. U1800"]
[Site "Winnipeg CAN"]
[Date "2013.11.05"]
[Round "1.6"]
[White "Wolchock, Theo"]
[Black "Remillard, John"]
[Result "1-0"]
[WhiteElo "1721"]
[BlackElo "1560"]
[PlyCount "58"]
[GameId "2160767909224911"]
[EventDate "2013.11.05"]
[EventType "swiss"]
[EventRounds "6"]
[EventCountry "CAN"]
[SourceTitle "EXT 2022"]
[Source "ChessBase"]
[SourceDate "2021.10.06"]
[SourceVersion "1"]
[SourceVersionDate "2021.10.06"]
[SourceQuality "1"]

1. c4 c5 2. g3 d5 3. cxd5 Qxd5 4. Nf3 Qd8 5. Bg2 Bd7 6. d4 Na6 7. O-O e6 8. Ne5 Rb8 9. Bf4 Nc7 10. dxc5 Bxc5 11. Qc2 Qe7 12. Nxd7 Qxd7 13. Qxc5 Na6 14. Qxa7 Rd8 15. Qxb7 Qxb7 16. Bxb7 Nc5 17. Bg2 f6 18. Nc3 Kf7 19. Rfd1 Nh6 20. Bxh6 gxh6 21. Rxd8 Rxd8 22. Rd1 Rxd1+ 23. Nxd1 Ke7 24. Kf1 Kd6 25. Nc3 Kc7 26. Ke1 Kb6 27. Kd2 f5 28. e4 fxe4 29. Bxe4 Nxe4+ 1-0

[Event "NAYCC U08"]
[Site "Toronto CAN"]
[Date "2013.08.14"]
[Round "1"]
[White "Chor, Kevin"]
[Black "Kang, Dorian"]
[Result "1-0"]
[WhiteElo "1781"]
[BlackElo "1008"]
[PlyCount "49"]
[GameId "2160767909229755"]
[EventDate "2013.08.14"]
[EventType "swiss"]
[EventRounds "9"]
[EventCountry "CAN"]
[SourceTitle "hb 2013"]

1. e4 e5 2. Nf3 Nc6 3. Bb5 Bb4 4. c3 Bd6 5. O-O Nf6 6. Re1 O-O 7. d4 Re8 8. Bxc6 bxc6 9. Nbd2 c5 10. dxe5 Bxe5 11. Nc4 d6 12. Be3 Bb7 13. Nfxe5 dxe5 14. f3 Nd7 15. Qd2 h6 16. Rad1 Re7 17. Bxc5 Nxc5 18. Qxd8+ Rxd8 19. Rxd8+ Kh7 20. Red1 Na4 21. Ne3 Nxb2 22. Rb1 Na4 23. Rxb7 Nxc3 24. Nd5 Nxd5 25. Rxd5 1-0

[Event "NAYCC U08"]
[Site "Toronto CAN"]
[Date "2013.08.14"]
[Round "1"]
[White "Doknjas, Neil"]
[Black "Ettibaryan, Levon"]
[Result "1-0"]
[WhiteElo "1281"]
[BlackElo "608"]
[PlyCount "93"]
[GameId "2160767909229756"]
[EventDate "2013.08.14"]
[EventType "swiss"]
[EventRounds "9"]
[EventCountry "CAN"]
[SourceTitle "hb 2013"]

1. e4 e6 2. d4 d5 3. Nc3 Nc6 4. exd5 exd5 5. Nf3 Nf6 6. Bf4 Bf5 7. Qd2 Bb4 8. Bd3 Bg6 9. O-O O-O 10. a3 Ba5 11. b4 Bb6 12. Bxg6 fxg6 13. a4 a5 14. b5 Ne7 15. Qe2 Re8 16. Qe6+ Kh8 17. Ng5 Qd7 18. Nf7+ Kg8 19. Nh6+ Kh8 20. Nf7+ Kg8 21. Nd8+ Qxe6 22. Nxe6 Nf5 23. Nxc7 Rac8 24. Nxe8 Rxe8 25. Be5 Nxd4 26. Bxf6 gxf6 27. Nxd5 Bc5 28. Nxf6+ Kf8 29. Nd7+ Ke7 30. Nxc5 Nxc2 31. Rac1 Nd4 32. Rfe1+ Kf8 33. Nd7+ Kf7 34. Rxe8 Kxe8 35. Re1+ Kxd7 36. Rd1 Kc7 37. Rxd4 b6 38. Kf1 h5 39. Rc4+ Kd6 40. Rc6+ Ke5 41. Rxb6 Kd5 42. Rxg6 Kc5 43. b6 Kb4 44. b7 Kxa4 45. b8=Q h4 46. Qb2 h3 47. Rg4# 1-0